Quizzes
Events
Quiz Creation
Community
Videos
Private Events
Remove Ads
Sign In
Join for FREE
Feedback
Dark Mode
Quiz Categories
Sports
Geography
Music
Movies
Television
Just For Fun
Miscellaneous
History
Literature
Language
Science
Gaming
Entertainment
Religion
Holiday
For Kids
Quiz Lab
Recent
Popular Today
Quiz Kudos Today
Editor Picks
Curator Picks
Quizzes by...
Day
Popularity
Type
Ratings
Length
Year
Community
Subscriptions
Recent Discussions
Orange Saloon
Badges
Playlists
Quests
Create
Leaderboards
Showdown
Live 5
Trivia Bingo
Activity
Puzzle Library
Sporcle Events
Private Events
Virtual Trivia
Globe League
Become a Host
Pub Owners
SporcleCon
Opinionation
Our Games
Videos
Blog
Mobile Apps
Partnerships
Remove Ads and Go Orange
Feedback
Religion
Mythology
Religious Music
World Religions
Bible
Christianity
Catholicism
Judaism
Church
Scripture
Islam
Verse
Religion
Mythology
Religious Music
World Religions
Bible
Christianity
Catholicism
Judaism
Church
Scripture
Islam
Verse
Random Quiz
Search Sporcle
×
Curator Pick
Curator Pick
Religion
Bible
Type in answers that appear in a list
Type in answers that appear in a list
Classic
Best Score? Go Orange.
Bible Clues 'M' Stats
Can you name the Bible people, places, or things beginning with the letter 'M'?
By
soxfan1
3m
16 Questions
247 Plays
247 Plays
247 Plays
Comments
Comments
Give Quiz Kudos
Give Quiz Kudos
-
- Ratings
hide this ad
More Info
Forced Order
Answers have to be entered in order
Answers have to be entered in order
Replay
Link that replays current quiz
Next Quiz
Link to next quiz in quiz playlist
You Got
0%
They Got
Avg Score
60%
Avg Friend Score
Upgrade to see
Score Distribution
Jump to the score distribution portion of the page
Score
0/16
Timer
03:00
0
Plays Today
Clue
Answer
% Correct
Mother of Jesus
Mary
98.8%
God ordered him to return to Egypt and lead His people out of bondage.
Moses
89.9%
Second book of the New Testament
Mark
89.5%
The Archangel, the patron angel of Israel
Michael
85.8%
Sister of Aaron
Miriam
78.5%
Name given by the Israelites to the food miraculously supplied to them during their wanderings in the wilderness
Manna
78.5%
He died at the age of 969.
Methuselah
71.3%
First prophet to foresee Jerusalem's destruction as a punishment for the city's sins against the Lord
Micah
57.1%
Clue
Answer
% Correct
First mentioned as a principal ingredient in the holy anointing oil
Myrrh
56.3%
Hero in the Book of Esther
Mordecai
54.3%
Name given by the Greeks and Romans to the region between the Euphrates and the Tigris
Mesopotamia
51%
Formerly known as Levi
Matthew
50.6%
It means 'anointed'
Messiah
44.9%
Name given to the leaders of the national party among the Jews who suffered persecution under Antiochus
Maccabees
27.1%
Eldest son of Lot
Moab
21.9%
Meaning 'king', he is the second of Micah's four sons
Melech
8.1%
Quiz Playlist
Details
Report
Send in Message
Add To Playlist
More Info:
Second source: http://www.aboutbibleprophecy.com/people.htm
Classic:
Type in answers that appear in a list
Forced Order:
Answers have to be entered in order
Quiz Source
Last Updated: Apr 23, 2017
Curator Pick in
Letter
Quiz Scoreboard
CHALLENGE
Sign Up to Join the Scoreboard
Show All
Scores
Hide
Comments
May contain spoilers
Recently Published
Presidents Visiting Landmarks
by Hejman
History
7m
An Introduction to Baseball
by treessimontrees
Sports
5m
Movies - When Are They Set?
by FPL_Elf
Movies
5m
More to Explore
Quiz From the Vault
Featured Blog Post
Where Did the Easter Bunny Come From?
hide this ad
You Might Also Like...
Tags
Bible Quiz
Letter Quiz
Begins With
place
Today's Top Quizzes in Religion
Browse Religion
hide this ad
Today's Top Quizzes in Bible
Browse Bible
Top Contributed Quizzes in Religion
1
5-to-1: Children of Gods
2
5-to-1: European Churches
3
10 to 1: Islam
4
Order Up: Seven Last Words of Christ
5
One Thing in Common: Mythology
6
Religion Who Wants To Be A Millionaire
7
10 to 1: Protestantism
8
One Thing in Common: Mythology II
9
Prime Time: Religion
10
10 to 1: Norse Religion
Explore More
Trending Topics
Anime
Harry Potter
Marvel
NBA
Kpop
Crossword
Disney
Soccer
WWE
The Office
Country
NFL
Song
Pokémon
Puzzle
hide this ad
More By:
soxfan1
Quiz
Plays
Rating
Category
Featured
Created
Alphabetical Countries Per Letter Minefield
402,446
4.38
Geography
Jun 29, 2011
Presidential Popular Vote
184,315
4.25
History
Dec 5, 2009
Rhymes with 'Bill'
147,589
4.48
Language
Jan 10, 2012
Figure Out the Lyrics: TV Theme II
92,010
3.99
Television
Jun 5, 2010
Literary Grab Bag
74,015
4.07
Literature
Jul 31, 2010
Go to Creator's Profile
Score Distribution
Quiz Creator Spotlight
soxfan1
Follow
Send a Message
Quizzes Created
-
Created Quiz Play Count
-
More By This Creator
Popular Quizzes Today
1
Find the Countries of Europe - No Outlines Minefield
2
Find the US States - No Outlines Minefield
3
The Countries of the World
4
Popular People in 1961
5
Find the US States
6
US States
7
Risky Map Clicking: Biggest States A-Z
8
1-10 Letter E Words III
More Religion Quizzes
Haiku Multiple Choice: Mythology
Published
Trending Quizzes
Risky Map Clicking: Least Populous States A-Z
1-10 Letter F Words
1-10 Letter G Words
One Thing in Common: United Kingdom
Risky Map Clicking: Next State Alphabetically
Recently Updated
Leaping Animals
pecheneg
Reality TV Shows (A-Z)
bhenderson79
Rickey Henderson's Hall of Fame Teammates
pecheneg
Champions League XIs: Arsenal
pecheneg
Quick Pick: Celebrities in WWE's Hall of Fame
aduchscher
A-Z Keypad Blitz II
pecheneg
Multiple Oscar Actors
pecheneg
Mystery Phrase Blitz: Oscar 'Best Actors'
pecheneg
F. Scott Fitzgerald Novels
LTH
Pick 3 Villains
ddd62291
Trending Topics
Harry Potter
Anime
Crossword
Kpop
NBA
Disney
Marvel
Pokémon
NFL
The Office
Puzzle
Soccer
Country
WWE
Song
Your Account Isn't Verified!
In order to create a playlist on Sporcle, you need to verify the email address you used during registration. Go to your
Sporcle Settings
to finish the process.
Report this User
Report this user for behavior that violates our
Community Guidelines
.
Details:
Send Report
Go to the Sporcle.com Mobile Site →
Comments